Т. 48, № 11; Неорганические материалы

Detaylı Bibliyografya
Parent link:Неорганические материалы/ Российская академия наук (РАН), Институт общей и неорганической химии им. Н. С. Курнакова (ИОНХ). Т. 48, № 11.— , 1991-
Dil:Rusça
Baskı/Yayın Bilgisi: 2012
Materyal Türü: Kitap
KOHA link:https://koha.lib.tpu.ru/cgi-bin/koha/opac-detail.pl?biblionumber=493989

MARC

LEADER 00000nam2a2200000 4500
001 493989
005 20231101100511.0
035 |a (RuTPU)RU\TPU\prd\163488 
090 |a 493989 
100 |a 20121218a19659999k y0rusy50 ca 
101 0 |a rus 
102 |a RU 
200 0 |a Т. 48, № 11 
210 |d 2012 
461 1 |0 (RuTPU)RU\TPU\prd\759  |t Неорганические материалы  |f Российская академия наук (РАН), Институт общей и неорганической химии им. Н. С. Курнакова (ИОНХ)  |v Т. 48, № 11  |d 1991- 
801 0 |a RU  |b 63413507  |c 20010227  |g PSBO 
801 1 |a RU  |b 63413507  |c 20121218 
801 2 |a RU  |b 63413507  |c 20201105  |g RCR 
942 |c BK 
999 |a НТБ_ТПУ  |b НФ  |e -1/20120110  |p П-701оп  |s 3/20120425  |u 0,00  |v 1